Languages - Sudden Death - Statistics

General Stats
  • This quiz has been taken 131,292 times
    130,870 since last reset
  • The average score is 10 of 20
Answers on the Grid
Answers color-coded by a green-red scale on the quiz's grid according to % correct below.
Argyle
Australian
Basque
Burmese
Cebuano
English
Forint
Frisian
Gurkhan
Hausa
Hmong
Igbo
Italian
Khmer
Lhoti
Luxembourgish
Maori
Netherlandish
Odia
Ouroboros
Pashto
Peruvian
Quechua
Sepia
Swahili
Swiss
Tagalog
Tajik
Urdu
Zulu
 
Answer Stats
Answer % Correct
English
87%
Italian
74%
Basque
62%
Swahili
61%
Urdu
60%
Burmese
56%
Zulu
56%
Tagalog
55%
Maori
54%
Khmer
48%
Igbo
45%
Pashto
42%
Luxembourgish
41%
Tajik
40%
Quechua
36%
Frisian
35%
Hmong
35%
Hausa
29%
Cebuano
22%
Odia
11%
No matching quizzes found
Score Distribution
Percent of People with Each Score
Percentile by Number Answered
Your Score History
You have not taken this quiz since the last reset